[Event "Oberliga Ost-A 1213"]
[Site "Germany"]
[Date "2013.02.24"]
[Round "8.6"]
[White "Schuh, Ruediger"]
[Black "Weder, Axel"]
[Result "1/2-1/2"]
[WhiteElo "2084"]
[BlackElo "1975"]
[PlyCount "48"]
[EventDate "2012.10.14"]
[EventType "team-tourn"]
[EventRounds "11"]
[EventCountry "GER"]
[SourceTitle "EXT 2014"]
[Source "ChessBase"]
[SourceDate "2013.11.20"]
[SourceVersion "1"]
[SourceVersionDate "2013.11.20"]
[SourceQuality "1"]
[WhiteTeam "Hoyerswerda"]
[BlackTeam "Dessau"]
[WhiteTeamCountry "GER"]
[BlackTeamCountry "GER"]

1. d4 Nf6 2. c4 g6 3. Nc3 Bg7 4. e4 d6 5. h3 0-0 6. Bg5 c5 7. d5 h6 8. Be3 a6 9. Qd2 Kh7 10. a4 b6 11. Bd3 Nbd7 12. f4 Bb7 13. Nf3 Qc7 14. 0-0 Rae8 15. Qf2 e5 16. dxe6 Rxe6 17. f5 Ree8 18. e5 Nxe5 19. Nxe5 Rxe5 20. Bf4 Ree8 21. fxg6+ fxg6 22. Qg3 Ne4 23. Nxe4 Bxe4 24. Bxd6 Rxf1+ 1/2-1/2

[Event "Oberliga Ost-A 1112"]
[Site "Germany"]
[Date "2012.04.15"]
[Round "11.7"]
[White "Schuh, Ruediger"]
[Black "Dobierzin, Olaf"]
[Result "0-1"]
[WhiteElo "2142"]
[BlackElo "2107"]
[PlyCount "102"]
[EventDate "2011.09.25"]
[EventType "team-tourn"]
[EventRounds "11"]
[EventCountry "GER"]
[SourceTitle "EXT 2013"]
[Source "ChessBase"]
[SourceDate "2012.11.22"]
[SourceVersion "1"]
[SourceVersionDate "2012.11.22"]
[SourceQuality "1"]
[WhiteTeam "Hoyerswerda"]
[BlackTeam "Leipzig SG II"]
[WhiteTeamCountry "GER"]
[BlackTeamCountry "GER"]

1. d4 Nf6 2. c4 g6 3. Nc3 Bg7 4. e4 d6 5. Be2 0-0 6. Be3 e5 7. Nf3 Nbd7 8. h3 exd4 9. Bxd4 Re8 10. Qc2 c6 11. 0-0-0 Qe7 12. Rhe1 Bh6+ 13. Nd2 Nf8 14. f3 Bf4 15. g4 Ne6 16. Bf2 Nd7 17. Kb1 a5 18. h4 Ndc5 19. Nf1 Be5 20. h5 Qf6 21. Rc1 a4 22. hxg6 fxg6 23. Bg3 Nd4 24. Bxe5 dxe5 25. Qd1 Be6 26. Nd2 Red8 27. Nd5 cxd5 28. cxd5 Bxd5 29. exd5 b6 30. Ne4 Nxe4 31. fxe4 a3 32. Rf1 Qd6 33. b3 Rdc8 34. Qd2 Kg7 35. Rh1 Rxc1+ 36. Rxc1 Ra7 37. Bd3 Rc7 38. Rh1 Qc5 39. Rc1 Qxc1+ 40. Qxc1 Rxc1+ 41. Kxc1 Kf6 42. Ba6 Kg5 43. Bc8 Nb5 44. Kc2 Kf4 45. Kd3 Nd6 46. Be6 Nxe4 47. Bg8 Nd6 48. Bxh7 e4+ 49. Kd4 e3 50. Kd3 Kf3 51. Bxg6 e2 0-1

[Event "Oberliga Ost-A 1112"]
[Site "Germany"]
[Date "2011.11.20"]
[Round "4.7"]
[White "Sieber, Martin1111"]
[Black "Schuh, Ruediger"]
[Result "1-0"]
[WhiteElo "1769"]
[BlackElo "2142"]
[PlyCount "69"]
[EventDate "2011.09.25"]
[EventType "team-tourn"]
[EventRounds "11"]
[EventCountry "GER"]
[SourceTitle "EXT 2013"]
[Source "ChessBase"]
[SourceDate "2012.11.22"]
[SourceVersion "1"]
[SourceVersionDate "2012.11.22"]
[SourceQuality "1"]
[WhiteTeam "Sangerhausen"]
[BlackTeam "Hoyerswerda"]
[WhiteTeamCountry "GER"]
[BlackTeamCountry "GER"]

1. c4 Nf6 2. Nf3 g6 3. b3 Bg7 4. Bb2 0-0 5. e3 d6 6. d3 e5 7. Nbd2 Qe7 8. Qc2 a5 9. a3 Nc6 10. Be2 Bf5 11. e4 Bg4 12. h3 Bd7 13. 0-0 Nh5 14. Rfe1 Nf4 15. Bf1 g5 16. Kh2 h5 17. g3 Ng6 18. Kg2 g4 19. hxg4 hxg4 20. Nh2 Qg5 21. Be2 Nd4 22. Bxd4 exd4 23. Qd1 Ne5 24. f4 gxf3+ 25. Ndxf3 Qh6 26. Nh4 Bf6 27. Ng4 Bxg4 28. Bxg4 Bxh4 29. Rh1 Qe3 30. Rxh4 Nxd3 31. Bf5 Qf2+ 32. Kh3 Qxf5+ 33. exf5 Nf2+ 34. Kg2 Nxd1 35. Rg4+ 1-0

[Event "Oberliga Ost-A 1112"]
[Site "Germany"]
[Date "2011.10.23"]
[Round "3.7"]
[White "Rothe, Guido"]
[Black "Schuh, Ruediger"]
[Result "1-0"]
[WhiteElo "2170"]
[BlackElo "2142"]
[PlyCount "55"]
[EventDate "2011.09.25"]
[EventType "team-tourn"]
[EventRounds "11"]
[EventCountry "GER"]
[SourceTitle "EXT 2013"]
[Source "ChessBase"]
[SourceDate "2012.11.22"]
[SourceVersion "1"]
[SourceVersionDate "2012.11.22"]
[SourceQuality "1"]
[WhiteTeam "Magdeburg Aufbau Elbe"]
[BlackTeam "Hoyerswerda"]
[WhiteTeamCountry "GER"]
[BlackTeamCountry "GER"]

1. e4 d6 2. d4 Nf6 3. Nc3 g6 4. f3 c6 5. Be3 b5 6. Qd2 a6 7. h4 h5 8. Nh3 Bxh3 9. Rxh3 Nbd7 10. Rd1 Qc7 11. Bg5 Bg7 12. Be2 c5 13. dxc5 Qxc5 14. Be3 Qc6 15. Nd5 Nxd5 16. exd5 Qb7 17. f4 Rc8 18. Bd4 Bxd4 19. Qxd4 Nf6 20. Re3 Kf8 21. f5 Rc5 22. fxg6 fxg6 23. Re6 Kf7 24. Rd3 Rc4 25. Qf2 Kg7 26. Rf3 Qxd5 27. Rfxf6 exf6 28. Qxf6+ 1-0

[Event "Oberliga Ost-A 1112"]
[Site "Germany"]
[Date "2011.09.25"]
[Round "1.6"]
[White "Schuh, Ruediger"]
[Black "Just, Wolfgang"]
[Result "1-0"]
[WhiteElo "2142"]
[BlackElo "2189"]
[PlyCount "115"]
[EventDate "2011.09.25"]
[EventType "team-tourn"]
[EventRounds "11"]
[EventCountry "GER"]
[SourceTitle "EXT 2013"]
[Source "ChessBase"]
[SourceDate "2012.11.22"]
[SourceVersion "1"]
[SourceVersionDate "2012.11.22"]
[SourceQuality "1"]
[WhiteTeam "Hoyerswerda"]
[BlackTeam "Leipzig VfB"]
[WhiteTeamCountry "GER"]
[BlackTeamCountry "GER"]

1. d4 e6 2. c4 f5 3. Nc3 Bb4 4. Qc2 Nf6 5. f3 b6 6. a3 Bxc3+ 7. Qxc3 Bb7 8. Bg5 h6 9. Bh4 g5 10. Bf2 d5 11. e3 Nbd7 12. cxd5 Nxd5 13. Qc2 N7f6 14. Bb5+ Kf7 15. Ne2 Rc8 16. e4 fxe4 17. fxe4 Nf4 18. Nxf4 gxf4 19. Bd3 Rg8 20. g3 Rg4 21. h3 Rxg3 22. Bxg3 fxg3 23. d5 exd5 24. 0-0-0 Nxe4 25. Bxe4 Qg5+ 26. Kb1 dxe4 27. Qb3+ Ke7 28. Rhf1 Qg6 29. Rf4 Qe6 30. Qxg3 Rg8 31. Rg4 Rxg4 32. Qxc7+ Kf6 33. hxg4 Bd5 34. Qf4+ Ke7 35. Rc1 e3 36. Rc7+ Kd8 37. Rxa7 Qe4+ 38. Qxe4 Bxe4+ 39. Kc1 Bf3 40. Rg7 h5 41. gxh5 Bxh5 42. Rg5 e2 43. Kd2 Bf3 44. Ke1 Kc7 45. Kf2 Kc6 46. Re5 Bg4 47. Rxe2 Bxe2 48. Kxe2 Kc5 49. Kd3 Kd5 50. Kc3 Kc5 51. a4 Kd5 52. Kb4 Kc6 53. Kc4 Kc7 54. Kb5 Kb7 55. b3 Ka7 56. Kc6 Ka6 57. b4 b5 58. a5 1-0

[Event "Oberliga Ost-A 1011"]
[Site "Germany"]
[Date "2010.12.12"]
[Round "4.6"]
[White "Schuh, Ruediger"]
[Black "Sonntag, Hermann"]
[Result "1/2-1/2"]
[WhiteElo "2162"]
[BlackElo "2110"]
[PlyCount "45"]
[EventDate "2010.10.24"]
[EventType "team-tourn"]
[EventRounds "11"]
[EventCountry "GER"]
[SourceTitle "EXT 2012"]
[Source "ChessBase"]
[SourceDate "2011.11.24"]
[SourceVersion "1"]
[SourceVersionDate "2011.11.24"]
[SourceQuality "1"]
[WhiteTeam "Hoyerswerda"]
[BlackTeam "Leipzig Gohlis"]
[WhiteTeamCountry "GER"]
[BlackTeamCountry "GER"]

1. d4 e6 2. c4 f5 3. g3 Nf6 4. Bg2 d5 5. Nf3 c6 6. b3 Bd6 7. 0-0 Qe7 8. Qc2 0-0 9. Ne5 Bd7 10. Bb2 a5 11. a3 Na6 12. Nxd7 Qxd7 13. Nd2 Rae8 14. Nf3 Qc7 15. c5 Be7 16. Ne5 Nd7 17. Nxd7 Qxd7 18. Qd2 Bd8 19. b4 axb4 20. axb4 g5 21. Rfc1 Qg7 22. b5 cxb5 23. Qd3 1/2-1/2

[Event "Oberliga Ost-A 0910"]
[Site "Germany"]
[Date "2010.01.24"]
[Round "7.5"]
[White "Dreyer, Michael"]
[Black "Schuh, Ruediger"]
[Result "1/2-1/2"]
[WhiteElo "2234"]
[BlackElo "2193"]
[PlyCount "105"]
[EventDate "2009.10.18"]
[EventType "team-tourn"]
[EventRounds "11"]
[EventCountry "GER"]
[SourceTitle "EXT 2011"]
[Source "ChessBase"]
[SourceDate "2010.11.26"]
[SourceVersion "1"]
[SourceVersionDate "2010.11.26"]
[SourceQuality "1"]
[WhiteTeam "Jena Schott"]
[BlackTeam "Hoyerswerda"]
[WhiteTeamCountry "GER"]
[BlackTeamCountry "GER"]

1. e4 d6 2. d4 Nf6 3. Nc3 g6 4. g3 Bg7 5. Bg2 0-0 6. Nge2 c6 7. h3 e5 8. Be3 Qc7 9. 0-0 b5 10. Qd2 Re8 11. dxe5 dxe5 12. Rfd1 Bf8 13. g4 Nbd7 14. Ng3 Nc5 15. Nce2 a6 16. f4 exf4 17. Bxf4 Qa7 18. Be3 Qe7 19. e5 Bb7 20. b4 Na4 21. exf6 Qxe3+ 22. Qxe3 Rxe3 23. Rd7 Rb8 24. a3 Nb6 25. Rd3 Rxd3 26. cxd3 Rd8 27. Be4 Bh6 28. h4 Be3+ 29. Kg2 Nd5 30. g5 h6 31. Kf3 Bb6 32. Nf4 hxg5 33. hxg5 Nc3 34. Rc1 Nxe4 35. dxe4 Rd2 36. Nge2 a5 37. Rc3 Rd1 38. Ng3 Bd4 39. Rd3 Rxd3+ 40. Nxd3 Bc3 41. Ne2 Bd2 42. Nef4 Kf8 43. Ke2 Bc3 44. Ke3 axb4 45. axb4 Bc8 46. Ne2 Ba1 47. Nd4 Bd7 48. Ne5 Ke8 49. Ndxc6 Bb2 50. Kd2 Bxc6 51. Nxc6 Kd7 52. Ne7 Ke6 53. Nd5 1/2-1/2